Central Library OPAC University of Rajshahi

Hokusai, life and work / (Record no. 76658)

MARC details
000 -LEADER
fixed length control field 01038cam a2200325 a 4500
001 - CONTROL NUMBER
control field 76658
003 - CONTROL NUMBER IDENTIFIER
rucl marc code BD-RjUL
005 - DATE AND TIME OF LATEST TRANSACTION
control field 20211209082853.0
008 - FIXED-LENGTH DATA ELEMENTS--GENERAL INFORMATION
fixed length control field 870224s1989 nyua b 001 0beng
020 ## - INTERNATIONAL STANDARD BOOK NUMBER
International Standard Book Number 0525244557
035 ## - SYSTEM CONTROL NUMBER
System control number (BD-RjUL)
040 ## - CATALOGING SOURCE
Original cataloging agency DLC
Transcribing agency DLC
Modifying agency DLC
Language of cataloging eng
041 ## - LANGUAGE CODE
Language code of text/sound track or separate title eng
043 ## - GEOGRAPHIC AREA CODE
Geographic area code a-ja---
082 00 - DEWEY DECIMAL CLASSIFICATION NUMBER
Classification number 760.0924
Edition number 20
Author mark and year LAH 1989
100 1# - MAIN ENTRY--PERSONAL NAME
Personal name Lane, Richard,
Dates associated with a name 1926-2002.
9 (RLIN) 237190
245 10 - TITLE STATEMENT
Title Hokusai, life and work /
Statement of responsibility, etc. Richard Lane.
250 ## - EDITION STATEMENT
Edition statement 1st American ed.
260 ## - PUBLICATION, DISTRIBUTION, ETC. (IMPRINT)
Place of publication, distribution, etc. New York :
Name of publisher, distributor, etc. Dutton,
Date of publication, distribution, etc. c1989.
300 ## - PHYSICAL DESCRIPTION
Pagination 320 p. :
Illustrations ill. (some col.);
Size 31 cm.
504 ## - BIBLIOGRAPHY, ETC. NOTE
Bibliography, etc Includes bibliographical references (p. 315-316) and index.
600 10 - SUBJECT ADDED ENTRY--PERSONAL NAME
Personal name Katsushika, Hokusai,
Dates associated with a name 1760-1849.
650 #0 - SUBJECT ADDED ENTRY--TOPICAL TERM
Topical term or geographic name as entry element Printmakers
Geographic subdivision Japan
Form subdivision Biography.
9 (RLIN) 237192
Topical term or geographic name as entry element Ukiyoe.
9 (RLIN) 237193
906 ## - LOCAL DATA ELEMENT F, LDF (RLIN)
a 7
b cbc
c orignew
d 2
e opcn
f 19
g y-gencatlg
942 ## - ADDED ENTRY ELEMENTS (KOHA)
Source of classification or shelving scheme Dewey Decimal Classification
Koha item type Books
Holdings
Lost status Source of classification or shelving scheme Damaged status Not for loan Collection code Permanent Location Current Location Shelving location Date acquired Total Checkouts Full call number Date last seen Copy number Koha item type
  Dewey Decimal Classification   Not For Loan Non-fiction Central Library, University of Rajshahi Central Library, University of Rajshahi Reading Room 05/07/1999   760.0924 LAH 1989 30/12/2019 C-1 Books